| 000 | 01090nam a22002297a 4500 | ||
|---|---|---|---|
| 003 | OSt | ||
| 005 | 20260513113708.0 | ||
| 008 | 260513b |||||||| |||| 00| 0 eng d | ||
| 020 | _a9780714122618 | ||
| 040 | _aKenya National Library Service | ||
| 082 | _a733.3 JEN | ||
| 100 |
_aJenkins, Ian _eauthor |
||
| 245 |
_aThe Parthenon sculptures in the British Museum / _cIan Jenkins |
||
| 300 |
_a144 pages : _bcolour illustrations ; _c27x27 cm |
||
| 520 | _aThe Parthenon sculptures in the British Museum are unrivalled examples of classical Greek art that have inspired sculptors, artists, poets and writers since their creation in the fifth century BC. This book serves as a superb visual introduction to these magnificent sculptures. The book showcases a series of specially taken photographs of the different sculptural elements: the pediments, metopes and Ionic frieze. | ||
| 650 | _aSculpture ,Museum | ||
| 650 | _aBritish Museum | ||
| 650 |
_aSculpture-- England _v London |
||
| 942 |
_2ddc _cBK _n0 |
||
| 999 |
_c492744 _d492744 |
||